Calculus: calculus of several variables with applications to probability and vector analysis (Record no. 14282)
[ view plain ]
| 000 -LEADER | |
|---|---|
| fixed length control field | 00371nam a22001337a 4500 |
| 003 - CONTROL NUMBER IDENTIFIER | |
| control field | OSt |
| 005 - DATE AND TIME OF LATEST TRANSACTION | |
| control field | 20160520103358.0 |
| 008 - FIXED-LENGTH DATA ELEMENTS--GENERAL INFORMATION | |
| fixed length control field | 160520b xxu||||| |||| 00| 0 eng d |
| 040 ## - CATALOGING SOURCE | |
| Original cataloging agency | seku |
| 050 ## - LIBRARY OF CONGRESS CALL NUMBER | |
| Classification number | QA300 |
| Item number | .A9 1962 |
| 100 ## - MAIN ENTRY--PERSONAL NAME | |
| Personal name | Apostol M. Tom |
| 245 ## - TITLE STATEMENT | |
| Title | Calculus: calculus of several variables with applications to probability and vector analysis |
| 942 ## - ADDED ENTRY ELEMENTS (KOHA) | |
| Source of classification or shelving scheme | Library of Congress Classification |
| Koha item type | General circulation |
| Withdrawn status | Lost status | Source of classification or shelving scheme | Damaged status | Not for loan | Home library | Current library | Shelving location | Date acquired | Source of acquisition | Total Checkouts | Full call number | Barcode | Date last seen | Price effective from | Koha item type | Public note |
|---|---|---|---|---|---|---|---|---|---|---|---|---|---|---|---|---|
| Library of Congress Classification | Wote Campus Library | Wote Campus Library | General Stacks | 20/05/2016 | donation- books for Africa | QA300 .A9 1962 | 2016/011815 | 20/05/2016 | 20/05/2016 | General circulation | GM |